00727nam a2200205 a 450000100100000000500170001000800410002704000250006808200260009310000280011924500620014725000110020926000600022030000360028050000220031650400310033850000580036965000380042765000560046500003397520200930070653.0090921s1962 mx ac 000 0 spa d aDO-SdBNPbspacBNPHU a809.9112bH519b, 19621 aHeríquez Ureña, Max10aBreve historia del modernismo /cMax Henríquez Ureña. a2a ed. aMéxico, D. F. :bFondo de Cultura Económica,c1962. a559 p. :bil., retrs. ;c22 cm. aIncluye índices aBibliografía: p. 529-535 aLa biblioteca posee la segunda reimpresión del 1978 4aModernismo (literatura)xHistoria 4aLiteratura hispanoaméricanaxHistoria y crítica